The doubled images of Lincoln and Washington

Salvato in:
Dettagli Bibliografici
Autore principale: Cunliffe, Marcus (Autore)
Natura: Libro
Lingua:inglese
Pubblicazione: Gettysburg Gettysburg College 1988
Serie:Fortenbaugh Memorial Lecture Gettysburg College
Soggetti:
Tags: Aggiungi Tag
Nessun Tag, puoi essere il primo ad aggiungerne!!

MARC

LEADER 00000nam a2200000 a 4500
001 UCH1433
003 CL-VaPUC
008 090427e19880000us |||||||||||||||||eng|d
082 0 4 |a 973.7  |b CUN  |2 21 
100 0 |a Cunliffe, Marcus  |e author  |9 535919 
245 1 4 |a The doubled images of Lincoln and Washington 
300 |a 34 p 
942 |c BK 
945 |d 20090427 00:00:00  |a rbrito 
260 |a Gettysburg  |b Gettysburg College  |c 1988 
600 0 |a Lincoln, Abraham,  |d 1809-1865  |9 321765 
600 0 7 |a WASHINGTON, GEORGE  |2 CL-VaPUC  |9 377771 
650 0 |a Historia de Estados Unidos  |9 354186 
650 0 |a Guerra civil  |9 320243 
651 0 |a Estados Unidos  |9 255178 
583 |a last modification  |c 20171218 11:52:21  |k Rodrigo Vera 
490 0 |a Fortenbaugh Memorial Lecture Gettysburg College 
999 |c 333472  |d 333470 
952 |0 0  |1 0  |4 0  |6 973_700000000000000_CUN_1988  |7 0  |8 A  |9 421907  |a BIBHIS  |b BIBHIS  |d 2019-11-22  |i 4539575  |o 973.7 CUN 1988  |p 4539575  |r 2025-01-20  |w 2019-11-22  |y BK  |k HIS